|
|
|
|
| LEADER |
00000cas a2200000 a 4500 |
| 001 |
vtls001470977 |
| 003 |
SK-MaSNL |
| 005 |
20260228160719.0 |
| 008 |
040315d19521962xo ar 0 0b0slo |
| 035 |
|
|
|a SNK000426280
|
| 040 |
|
|
|a SNK
|b slo
|c SNK
|e AACR2
|
| 041 |
0 |
|
|a slo
|
| 044 |
|
|
|a xo
|c SK
|
| 072 |
|
7 |
|a 621
|x Strojárstvo
|2 konspekt
|
| 080 |
|
|
|a 621.791
|2 2011
|
| 080 |
|
|
|a 669
|2 2011
|
| 080 |
|
|
|a 050
|2 2011
|
| 080 |
|
|
|a (082)
|2 2011
|
| 245 |
0 |
0 |
|a Sváračský sborník
|
| 246 |
1 |
3 |
|a Zváračský sborník
|
| 246 |
1 |
3 |
|a Zváračský sborník Slovenskej akadémie vied
|
| 260 |
|
|
|a Bratislava
|b Slovenská akadémia vied
|c 1952-1962
|
| 300 |
|
|
|a 11 zv.
|
| 310 |
|
|
|a 4x ročne
|b 1953-1962
|
| 321 |
|
|
|a 1x ročne
|b 1952
|
| 362 |
0 |
|
|a Roč. 1, č. 1 (1952)-roč. 11, č. 4 (1962)
|z Bg. M. Balúnová/MS 1995 č.z. 2028 ; Bg.M. Janů/MS 1971 č.z. 860 ; SKP
|
| 500 |
|
|
|a Prvý rok vyšiel ako ročenka
|
| 650 |
0 |
7 |
|a zváranie
|2 SNKPH
|9 1839
|
| 655 |
|
7 |
|a zborníky
|2 SNKPH
|9 70165
|
| 785 |
0 |
0 |
|t Kovové materiály
|x 0023-432X
|
| 910 |
|
|
|a snk
|
| 999 |
|
|
|c 3446
|d 5376
|
| 952 |
|
|
|0 0
|1 0
|4 0
|7 0
|a SNK
|b SNK
|d 2004-03-15
|i snkVII. 198/55
|l 0
|o snkČSC 467/3/1954
|p 17A0416999
|r 2005-01-02 00:00:00
|w 2026-02-21
|y PREZ
|
| 952 |
|
|
|0 0
|1 0
|4 0
|7 0
|a SNK
|b SNK
|d 2004-03-15
|i snkČSP 500/56
|l 0
|o snkČSC 467/4/1955
|p 17A0417090
|r 2005-01-02 00:00:00
|w 2026-02-21
|y PREZ
|
| 952 |
|
|
|0 0
|1 0
|4 0
|7 0
|a SNK
|b SNK
|d 2004-03-15
|i snkČSP 910/58
|l 0
|o snkČSC 467/6/1957
|p 17A0417076
|r 2005-01-02 00:00:00
|w 2026-02-21
|y PREZ
|
| 952 |
|
|
|0 0
|1 0
|4 0
|7 0
|a SNK
|b SNK
|d 2004-03-15
|i snkČSP 687/63
|l 0
|o snkČSC 467/11/1962
|p 17A0416657
|r 2005-01-02 00:00:00
|w 2026-02-21
|y PREZ
|
| 952 |
|
|
|0 0
|1 0
|4 0
|7 0
|a SNK
|b SNK
|d 2011-01-18
|i snkČSP 331/57
|l 0
|o snkČSC 467/4/1955 D1
|p 17A0683963
|r 2026-02-21 19:56:23
|t č. 1-3
|w 2026-02-21
|y PREZ
|
| 952 |
|
|
|0 0
|1 0
|4 0
|7 0
|a SNK
|b SNK
|d 2011-02-03
|i snkČIP 1952/61
|l 0
|o snkČSC 467/8/1959 D1
|p 17A0688410
|r 2026-02-21 19:56:34
|t č. 1-4, neúplné
|w 2026-02-21
|y PREZ
|z Chýba č. 1
|
| 952 |
|
|
|0 0
|1 0
|4 0
|7 0
|a SNK
|b SNK
|d 2004-03-15
|i snkII. 912/54
|l 0
|o snkČSC 467/2/1953
|p 17A0417000
|r 2005-01-02 00:00:00
|w 2026-02-21
|y PREZ
|